000 00812nam a22002651c 4500
001 ht014851122
008 090909s2009 gw |||| 000u ger d
020 _a9783525569
_9978-3-525-569
041 _ager
100 1 _aPyka, Marcus
245 0 0 _aJüdische Identität bei Heinrich Graetz /
_cMarcus Pyka
264 _aGöttingen :
_bVandenhoeck & Ruprecht,
_c2009
300 _a333 S.
502 _aZugl.: München, Univ., Diss., 2005
650 0 _aJuden
650 0 _aJüdische Religion
650 0 _aEmanzipation
650 0 _aGeschichtswissenschaft
655 0 _aHochschulschrift
856 4 _uhttp://nbn-resolving.de/urn/resolver.pl?urn=urn:nbn:de:bvb:12-bsb00083875-3
942 _cMG
040 _cRU-10907106
003 RU-10907106
999 _c37852
_d37852
490 0 _aJüdische Religion, Geschichte und Kultur
_v5